Normal view
MARC view
Entry Personal Name
001 - CONTROL NUMBER
- control field: 27116
003 - CONTROL NUMBER IDENTIFIER
- control field: ARRUPE
005 - DATE AND TIME OF LATEST TRANSACTION
- control field: 20161028111103.0
008 - FIXED-LENGTH DATA ELEMENTS
- fixed length control field: 161028|| aca||aabn | a|a d
040 ## - CATALOGING SOURCE
- Original cataloging agency: ARRUPE
- Transcribing agency: ARRUPE
100 ## - HEADING--PERSONAL NAME
- Personal name: Bonaventure,
- Titles and other words associated with a name: Saint, Cardinal,
- Dates associated with a name: approximately 1217-1274.
- General subdivision: Theology
670 ## - SOURCE DATA FOUND
- Source citation: Work cat.: (ARRUPE)0: Dillard, Peter S. 27115, A way into scholasticism :, c2011.